| 000 | 00416pab a2200169 454500 | ||
|---|---|---|---|
| 008 | 180718b1996 xxu||||| |||| 00| 0 eng d | ||
| 100 | _aBhalla, V.K. | ||
| 245 | _aManaging the universities | ||
| 260 | _c1996 | ||
| 300 | _ap.9 | ||
| 362 | _a25 Jan | ||
| 650 | _aColleges and universities - India | ||
| 650 | _aEducation, Higher - India | ||
| 650 | _aEducation | ||
| 773 | _aFinancial Express | ||
| 909 | _a31399 | ||
| 999 |
_c31399 _d31399 |
||